|
|
|
|
| LEADER |
00000nam0a2200000 4500 |
| 001 |
26685 |
| 005 |
20231030201735.0 |
| 010 |
|
|
|a 5858730612
|
| 035 |
|
|
|a (RuTPU)RU\TPU\book\26929
|
| 035 |
|
|
|a BOOK00027004
|
| 090 |
|
|
|a 26685
|
| 100 |
|
|
|a 20011209d2000 m y0rusy50 ca
|
| 101 |
0 |
|
|a rus
|
| 102 |
|
|
|a RU
|
| 105 |
|
|
|a y j 000zy
|
| 200 |
1 |
|
|a Социальная политика доходов и заработной платы
|e учебное пособие
|f В. И. Левашов
|
| 210 |
|
|
|a Москва
|c Центр экономики и маркетинга
|d 2000
|
| 215 |
|
|
|a 360 с.
|
| 225 |
1 |
|
|a Библиотека хозяйственного руководителя
|v Кн. 6 (38)
|
| 610 |
1 |
|
|a экономика
|
| 610 |
1 |
|
|a доходы
|
| 610 |
1 |
|
|a заработная плата
|
| 610 |
1 |
|
|a труд
|
| 610 |
1 |
|
|a оплата
|
| 610 |
1 |
|
|a благосостояние
|
| 610 |
1 |
|
|a социальная политика
|
| 610 |
1 |
|
|a учебные пособия
|
| 686 |
|
|
|a У9(2)0-94я73
|v LBC/SL-A
|2 rubbk
|
| 686 |
|
|
|a У9(2)245я73
|v LBC/SL-A
|2 rubbk
|
| 700 |
|
1 |
|a Левашов
|b В. И.
|g Владимир Иванович
|
| 801 |
|
0 |
|a RU
|b 63413507
|c 20011209
|g PSBO
|
| 801 |
|
2 |
|a RU
|b 63413507
|c 20120203
|g PSBO
|
| 942 |
|
|
|c BK
|